| 000 | 00603nam a2200229Ia 4500 | ||
|---|---|---|---|
| 003 | OSt | ||
| 005 | 20220928105001.0 | ||
| 006 | a|||||r|||| 00| 0 | ||
| 007 | ta | ||
| 008 | 220927b |||||||| |||| 00| 0 eng d | ||
| 024 | _a47034 | ||
| 037 | _cTextual | ||
| 040 |
_aSDCL _cSDCL _beng |
||
| 041 |
_2eng _aeng |
||
| 082 | _aX:5381, P8 | ||
| 100 | _aKabra Kamal Nayan | ||
| 245 | 0 | _aBhumandilikaran ke bhavar me bharat. | |
| 260 |
_aNew Delhi _bPrakashan Sansthan _c2008 |
||
| 300 |
_a320p. _ccm. |
||
| 942 |
_hX:5381, P8 _cTEXL _2CC |
||
| 999 |
_c728930 _d728930 |
||